| 000 | 01161cam a22002054a 4500 | ||
|---|---|---|---|
| 005 | 20250605164230.0 | ||
| 008 | 250528s ||||||||||||||||||||||||d | ||
| 035 | _a20936 | ||
| 020 | _a9781133308751 | ||
| 040 |
_aGR-AtMCL _bgre _dGR-AtMCL _eAACR2 |
||
| 245 | 1 | _aThe Art of Inegrative Counseling / 3rd Edition | |
| 250 | _a3rd | ||
| 260 |
_bBrooks/Cole Publishing Company, _c2009 |
||
| 300 | _a176 | ||
| 520 | _aThis Textbook is the result of an innovative and collaborative global development process designed to engage students and deliver content and cases with global relevance. Beginning of Counseling, The Therapeutic Relationship, Establishing Therapeutic Goals, Understanding and Addressing Diversity, Understanding and Working With Resistance, Cognitive Focus in Counseling, Emotive Focus in Counselling, Behavioral Focus in Counseling, An Integrative Perspective, Working with Transference and Countertransference, Understanding How the Past Influences the Present and the Future, Working Toward Decisions and Behavior Change, Evaluation and Termination. | ||
| 700 | 1 |
_aCorey Gerald _9155 |
|
| 942 | _cBK | ||
| 999 |
_c6013 _d6013 |
||